Arboretum /
Gorde:
| Egile nagusia: | |
|---|---|
| Beste egile batzuk: | |
| Formatua: | Liburua |
| Hizkuntza: | italiera |
| Argitaratua: |
[Roma] : Viterbo :
Stampa alternativa ; Distribuzione Nuovi equilibri,
[2001]
|
| Saila: | Margini ;
39 |
| Etiketak: |
Etiketarik gabe, Izan zaitez lehena erregistro honi etiketa jartzen!
|
MARC
| LEADER | 00000nam a22000007i 4500 | ||
|---|---|---|---|
| 001 | IT\ICCU\MOD\0613504 | ||
| 003 | ItRI | ||
| 005 | 20260213175144.0 | ||
| 008 | 020119s2001 it |||||| ||||| |||||c | ||
| 020 | |a 8872262208 | ||
| 040 | |b ita |c ct | ||
| 041 | 7 | |a ita |2 ISO-639-2 | |
| 100 | 1 | |a Kozlova, Marina |0 IT\ICCU\MODV\177817 |4 aut | |
| 245 | 1 | 0 | |a Arboretum / |c Marina Kozlova ; traduzione e cura di Paolo Galvagni. |
| 260 | |a [Roma] : |b Stampa alternativa ; |a Viterbo : |b Distribuzione Nuovi equilibri, |c [2001] | ||
| 300 | |a 93 p. ; |c 17 cm. | ||
| 700 | 1 | |a Galvagni, Paolo |0 IT\ICCU\MILV\127622 | |
| 830 | 0 | |a Margini ; |v 39 |0 IT\ICCU\VIA\0073527 | |
| 942 | |2 ddc |c BK | ||
| 952 | |0 0 |1 0 |2 ddc |4 0 |6 B_LNR02KOZMAARB11 |7 0 |9 7080 |a MI |b MI |d 2008-03-05 |i 5649 |l 0 |o B-LNR02-KOZMA-ARB11 |p CDOM5649 |r 2025-07-13 16:28:29 |w 2025-07-13 |x DONO |y BK | ||
| 952 | |0 0 |1 0 |2 ddc |4 0 |6 891_730000000000000_KOZ_ARB |7 0 |9 9310 |a VT |b VT |d 2025-07-23 |e Dono di Anna Menicheschi |i B18 |l 0 |o 891.73 KOZ ARB |p B18 |r 2025-07-23 18:50:31 |w 2025-07-23 |y BK | ||
| 952 | |0 0 |1 0 |4 0 |6 DOC_891_735000000000000_KOZ |7 0 |9 16416 |a BO |b BO |d 2026-01-15 |i 7358 |l 0 |o DOC 891.735 KOZ |p BO7358 |r 2026-01-15 23:19:20 |w 2026-01-15 |x [Sebina 5] [1 v.] |y BK |z 1 v. | ||
| 999 | |c 5789 |d 5789 | ||